பண்ணையார் எப்படி சுவர்க்கம் பொனார் (Record no. 870)
[ view plain ]
| 000 -LEADER | |
|---|---|
| fixed length control field | 008460000a22002410004500 |
| 003 - CONTROL NUMBER IDENTIFIER | |
| control field | LK-CoMWRAF |
| 005 - DATE AND TIME OF LATEST TRANSACTION | |
| control field | 20240113003855.0 |
| 008 - FIXED-LENGTH DATA ELEMENTS--GENERAL INFORMATION | |
| fixed length control field | 230817t2004 ||||| |||| 00| 0 eng d |
| 020 ## - INTERNATIONAL STANDARD BOOK NUMBER | |
| International Standard Book Number | 9559785966 |
| 040 ## - CATALOGING SOURCE | |
| Original cataloging agency | LK-CoMWRAF |
| Modifying agency | LK-CoMWRAF |
| Description conventions | LK-CoMWRAF |
| 041 ## - LANGUAGE CODE | |
| Language code of text/sound track or separate title | Tamil |
| 082 ## - DEWEY DECIMAL CLASSIFICATION NUMBER | |
| Classification number | 894.8113 |
| Item number | DIS |
| 942 ## - ADDED ENTRY ELEMENTS (KOHA) | |
| Koha item type | Books |
| 100 ## - MAIN ENTRY--PERSONAL NAME | |
| Personal name | திசாநாயக்க, ஜே. பி |
| Personal name (Transliterated) | Dissanayake, J.B. |
| 700 ## - ADDED ENTRY--PERSONAL NAME | |
| Personal name | கருணாதிலக, மஞ்சுள |
| Relator Term | illustrator |
| 700 ## - ADDED ENTRY--PERSONAL NAME | |
| Personal name | அருணாசலம், சரோஜினி தேவி |
| Relator Term | translator |
| 245 ## - TITLE STATEMENT | |
| Title | பண்ணையார் எப்படி சுவர்க்கம் பொனார் |
| 246 ## - VARYING FORM OF TITLE | |
| Title proper/short title | Pannaiyaar Eppadi Suvarkkam Ponar |
| 260 ## - PUBLICATION, DISTRIBUTION, ETC. (IMPRINT) | |
| Place of publication, distribution, etc. | Nugegoda: |
| Name of publisher, distributor, etc. | Samitha, |
| Date of publication, distribution, etc. | 2004 |
| 300 ## - PHYSICAL DESCRIPTION | |
| Extent | 24 unnumbered p. |
| 650 ## - SUBJECT ADDED ENTRY--TOPICAL TERM | |
| Topical term or geographic name as entry element | TAMIL FICTION |
| 650 ## - SUBJECT ADDED ENTRY--TOPICAL TERM | |
| Topical term or geographic name as entry element | Children's' books |
| Withdrawn status | Lost status | Damaged status | Not for loan | Permanent Location | Current Location | Date acquired | Full call number | Barcode | Koha item type |
|---|---|---|---|---|---|---|---|---|---|
| Resource center, Muslim Women's Research And Action Forum | Resource center, Muslim Women's Research And Action Forum | 2023-08-17 | 894.8113 DIS | RAF4649 | Books |

